Szczegóły MARC21

Współczesny bank : praca zbiorowa /

003 -Nazwa inst., której nr kontr. jest w polu 001 [,]
    • @
    • Nazwa instytucji, której n kontrolny jest w polu 001
    • NUKAT
005 -DATA I CZAS OSTATNIEJ MODYFIKACJI [,]
    • @
    • pole kontrolne
    • 20241231110548.0
020 -Międzynarod. znormalizowany nr książki - ISBN [ , ]
    • a
    • Numer ISBN
    • 8386890428 Find
040 -Instytucja sporządzająca opis [ , ]
    • a
    • Instytucja, która sporządziła opis (NP)
    • Ł U/MA
    • c
    • Instytucja, która sporządziła rekord (NP)
    • Ł U/MA
    • d
    • Instytucja, która zmodyfikowała rekord (P)
    • Ł U/MK
    • d
    • Instytucja, która zmodyfikowała rekord (P)
    • Ł U/MSs
    • d
    • Instytucja, która zmodyfikowała rekord (P)
    • GL 001/ER
942 -Rodzaj dokumentu [ , ]
    • c
    • Rodzaj dokumentu
    • Książka
245 -Strefa tytułu i oznaczenia odpowiedzialności [0,0]
    • a
    • Tytuł
    • Współczesny bank : Find
    • b
    • Ciąg dalszy tytułu (NP)
    • praca zbiorowa / Find
    • c
    • Pozostałe elementy strefy tytułu i oznaczenia odpowiedzialności (NP)
    • pod red. Władysława L. Jaworskiego ; aut.: Stefan Cieśla [et al.].
260 -Strefa adresu wydawniczego [ , ]
    • a
    • Miejsce wydania (P)
    • Warszawa :
    • b
    • Nazwa wydawcy (P)
    • Poltext,
    • c
    • Data wydania (P)
    • 1998.
300 -Strefa opisu fizycznego [ , ]
    • a
    • Określenie formy książki i/lub objętość (NP)
    • 554 s. :
    • b
    • Oznaczenie ilustracji (NP)
    • ilr. ;
    • c
    • Format (NP)
    • 1998.
336 -Typ zawartości [ , ]
    • a
    • Termin opisujący typ zawartości
    • Tekst
    • b
    • Kod określający zawartość
    • txt
    • 2
    • Źródło (terminu i kodu)
    • rdacontent
337 -Typ mediów [ , ]
    • a
    • Tryb odtwarzania
    • Bez urządzenia pośredniczącego
    • b
    • Kod typu mediów
    • n
    • 2
    • Źródło (terminu i kodu)
    • rdamedia
338 -Typ/rodzaj nośnika [ , ]
    • a
    • Hasło opisujące typ nośnika
    • Wolumin
    • b
    • Kod typu nośnika
    • nc
    • 2
    • Źródło (terminu i kodu)
    • rdacarrier
504 -Uwaga dot. bibliogr. załącznikowej [ , ]
    • a
    • Uwaga dot. bibliografii załącznikowej
    • Bibliogr. s. 551-[555].
536 -Uwaga dot. finansowania książki [ , ]
    • a
    • Tekst uwagi
    • Tytuł sponsorowany przez Szkołę Główną Handlową dzięki subwencjom: Banku PeKaO SA, Polskiego Banku Rozwoju SA, Powszechnego Banku Kredytowego SA w Warszawie
080 -Uniwersalna Klasyfikacja Dziesiętna [ , ]
    • a
    • Symbol klasyfikacji
    • 336.71(07)
080 -Uniwersalna Klasyfikacja Dziesiętna [ , ]
    • a
    • Symbol klasyfikacji
    • :658.14/.17(07)
650 -Hasło przedmiotowe [ ,7]
    • a
    • Hasło przedmiotowe
    • Zarządzanie bankiem
    • z
    • Określnik geograficzny
    • Polska.
    • 2
    • Źródło terminu
    • kaba
    • 9
    • KHW
    • 371709
650 -Hasło przedmiotowe [ ,7]
    • a
    • Hasło przedmiotowe
    • Banki
    • z
    • Określnik geograficzny
    • Polska
    • y
    • Określnik chronologiczny
    • 1970-2000.
    • 2
    • Źródło terminu
    • kaba
    • 9
    • KHW
    • 393366
650 -Hasło przedmiotowe [ ,7]
    • a
    • Hasło przedmiotowe
    • Polityka pieniężna
    • z
    • Określnik geograficzny
    • Polska.
    • 2
    • Źródło terminu
    • kaba
    • 9
    • KHW
    • 353673
650 -Hasło przedmiotowe [ ,7]
    • a
    • Hasło przedmiotowe
    • Zarządzanie ryzykiem.
    • 2
    • Źródło terminu
    • kaba
    • 9
    • KHW
    • 137520
980 -Symbol UKD [ , ]
    • a
    • UKD
    • 336.71:658.14/.17](07)
700 -Hasło dodatkowe - nazwa osobowa [1, ]
    • a
    • Nazwa osobowa (NP)
    • Jaworski, Władysław Leopold Find
    • d
    • Daty biograficzne (NP)
    • (1929-2017).
    • e
    • Określenie rodzaju współpracy
    • Red.
    • 9
    • KHW
    • 32048
700 -Hasło dodatkowe - nazwa osobowa [1, ]
    • a
    • Nazwa osobowa (NP)
    • Cieśla, Stefan Find
    • d
    • Daty biograficzne (NP)
    • (1955- ).
    • 9
    • KHW
    • 698368
710 -Hasło dodatkowe - nazwa ciała zbiorowego [2, ]
    • a
    • Nazwa ciała zbiorowego lub nazwa geograficzna jako pierwszy element (NP)
    • Wydawnictwo Poltext.
    • 4
    • Kod relacji
    • pbl
    • 9
    • KHW
    • 53400
920 -ISBN [ , ]
    • a
    • ISBN
    • 83-86890-42-8 Find
Status udost. Numer inwentarzowy Data inwentaryzacji Lokalizacja Sygnatura
-2E.657451998-10-26BE 
-6S.829151998-10-26BE 
-6S.829161998-10-26BE 
2S.829171998-10-26BE 
2S.829181998-10-26BE 
2S.829191998-10-26BE 
2S.836351999-04-30BE 
2S.836361999-04-30BE 
2S.836371999-04-30BE 
2S.836381999-04-30BE 
2S.836391999-04-30BE 
-6S.836401999-04-30BE 
-6S.836411999-04-30BE 
-3S.836421999-04-30BE 
-6S.836431999-04-30BE 
2S.836441999-04-30BE 
-2T.5531999-04-30T 
-3T.5541999-04-30TT.554
-3T.5571999-04-30TT.557
-6T.5551999-04-30TT.555
-6T.5561999-04-30TT.556